000 00536nam a2200217Ia 4500
003 OSt
005 20230325104737.0
008 210423s2007 xx 000 0 und d
020 _a978817820326637
040 _cAL
041 _aeng
082 _a657
_223
_b MARP
100 _aMARRIOTT (Pru);others.
_977857
245 _aIntroduction to accounting.
250 _a3
260 _aNew Delhi
_bSage Publications
_c2007
300 _axiv,537
_bPB
365 _b475
_cINR
906 _aaccounting. ; Introduction
942 _2ddc
_cBK
999 _c155970
_d155970